000 01053nam a22001817a 4500
999 _c59488
_d59488
003 Ge_BSU
005 20230301115309.0
008 230228s2010 ge ||||| |||| 00| 0 geo d
041 _ageo
080 _a342.9(479.22)(094.4) ს-32
245 _aსაქართველოს ადმინისტრაციულ სამართალდარღვევათა კოდექსი : ანბანურ-საგნობრივი საძიებლით :
_cცვლილებებითა და დამატებებით 2010 წლის 18 აპრილამდე.
264 _aთბილისი :
_bბონა კაუზა,
_c2010.
300 _a231 გვ.;
_b21 სმ.
490 _aიურისტის ბიბლიოთეკა
501 _aანბანურ-საგნობრივი საძიებელი: გვ. 213-230
653 _aსაქართველოს ადმინისტრაციული კოდექსი
942 _2udc
_cBK